000 00772nam a22002417a 4500
001 3605
003 FISKH
005 20240325132213.0
008 240325b cb ||||| |||| 00| 0 eng d
040 _aFISK
_beng
_cFISK
_dFISK
050 _aPZ7.W6461
082 _a813.52
100 _aWilder Ingalls Laura
_d1867-1957
245 _aBy the shores of silver lake /
_cLaura Ingalls Wilder
260 _aNew York :
_bLaura Ingalls Wilder,
_c1939
300 _a290 pages :
_billustrations,
_c20 cm
505 _aO
520 _aMa and the girls follow Pa west by train where they make their home at a rough railroad camp and plan for their own homestead.
521 8 _a820
_bLexile
700 _aLaura Ingalls Wilder
942 _2ddc
_cBK
_n0
999 _c3605
_d3605